000 00543nam a2200169 i 4500
001 129600
003 ES-MaACL
005 20230906193532.0
007 t|
008 070626s1965 sp ||||1| spa d
080 _a248.159.4
100 1 _aThornton, Francis Beauchesne.
_9110148
245 1 0 _aEsto es el rosario
_b: con una introducción de Su Santidad el Papa Juan XXIII /
_cFrancis Beauchesne Thornton.
260 _aBarcelona :
_bJuan Flors,
_c1965.
300 _aXVI, 189 p. :
_bil. ;
_c23 cm.
852 _aES-MaACL
_jC-28026
_bR.57489
999 _c129600
_d129600